Statistiques concernant Culture Générale - Série 175

Cliquez ici pour prendre le quiz!

Statistiques générales

  • Ce quiz a été pris 224 fois
  • Le résultat moyen est 5 sur 10

Statistiques - réponses

QuestionRéponse% Correct
Combien y a-t-il de juges de touche sur un terrain de football ?2
100%
Combien y a-t-il de litres dans 20 hectolitres ?2 000
95%
De quel département Caen est-il le chef-lieu ?Calvados
73%
A quel parti politique appartient Peppone dans les "Don Camillo" ?Parti communiste
51%
Où est né Maxime Le Forestier, selon le titre de son tube de 1988 ?Quelque part
45%
A quel ancien membre des Beatles doit-on "My Sweet Lord" en 1970 ?George Harrison
40%
Quelle est la monnaie officielle de la Bulgarie ?Le lev
39%
A quel groupe doit-on le tube "Call Me" en 1980 ?Blondie
35%
Dans quelle troupe comique Maurice Barthélémy s'est-il illustré ?Les Robin des bois
30%
Qui jouait le rôle de Marc dans la série télévisée "Marc et Sophie" ?Gérard Rinaldi
23%

Distribution des résultats

Percentile par nombre de réponses

% des personnes avec chaque résultat

Votre développement - résultats

Vous n’avez pas pris ce quiz